| 000 -LEADER |
| fixed length control field |
00635nam a2200205Ia 4500 |
| 001 - CONTROL NUMBER |
| control field |
23544 |
| 003 - CONTROL NUMBER IDENTIFIER |
| control field |
GE_BSU |
| 008 - FIXED-LENGTH DATA ELEMENTS--GENERAL INFORMATION |
| fixed length control field |
181216s||||||||xx |||||||||||||| ||und|| |
| 040 ## - CATALOGING SOURCE |
| Transcribing agency |
GE_BSU |
| 245 ## - TITLE STATEMENT |
| Title |
Новая и новейшая история №4июль-август,2018 |
| 245 ## - TITLE STATEMENT |
| Statement of responsibility, etc. |
Главный ред:В.В Согрин, и др. |
| 260 ## - PUBLICATION, DISTRIBUTION, ETC. |
| Place of publication, distribution, etc. |
москва |
| 260 ## - PUBLICATION, DISTRIBUTION, ETC. |
| Date of publication, distribution, etc. |
2018г. |
| 300 ## - PHYSICAL DESCRIPTION |
| Extent |
256с;24см; |
| 653 ## - INDEX TERM--UNCONTROLLED |
| Uncontrolled term |
История |
| 653 ## - INDEX TERM--UNCONTROLLED |
| Uncontrolled term |
Новая и новейшая история.№4июль-август,2018 |
| 653 ## - INDEX TERM--UNCONTROLLED |
| Uncontrolled term |
Периодика |
| 653 ## - INDEX TERM--UNCONTROLLED |
| Uncontrolled term |
პერიოდიკა |
| 942 ## - ADDED ENTRY ELEMENTS (KOHA) |
| Koha item type |
პერიოდიკა |